00474nam a22001697a 45000050016000000100014000160200026000300350013000560370013000690820008000821000019000902450063001092600053001722700032002253000022002576500025002792010080701241.0 aENG-98834 a9788190946995c125.00 aEN-82366 bDBAD/PUB a546 aManivannan, C. aSelected topics in inorganic chemistry /cby C. Manivannan aKaruppur (Tamilnadu)bSwathika Pathippagamc2009 aKaruppurbTamilnadue608401 a152p.c21cm (pbk) aChemistry, Inorganic